| 000 | 00497nam a22001697a 4500 | ||
|---|---|---|---|
| 003 | CEME | ||
| 005 | 20210628210737.0 | ||
| 008 | 210212b xxu||||| |||| 00| 0 eng d | ||
| 020 | _a0-19-262607-8 | ||
| 040 | _c. | ||
| 082 | _a610.71141 HAV | ||
| 100 |
_aHasler, John Mcintyre, Donald Flew, Richard _980807 |
||
| 245 | _aProfessional education for general practice | ||
| 260 |
_aOXFORD _bOXFORD UNIVERSITY PRESS _c1995 |
||
| 650 |
_aFAMILY MEDICINE-STUDY AND TEACHING _980808 |
||
| 942 |
_cBK _2ddc |
||
| 999 |
_c585678 _d585678 |
||